Diseño mecánico de una máquina Tri - funcional (molido, picado, triturado) usando Autodesk Inventor

Presenta el diseño de una máquina de triple función, molido, picado, triturado haciendo uso de la herramienta de diseño AUTODESK INVENTOR.

Bibliographic Details
Main Author: Pastora Altamirano, Rommel José
Other Authors: Tutor: Urbina Espinoza, William Emigdio
Format: Tesis Section = Libro
Language:Undetermined
Spanish
Published: Managua UNI 2009
Subjects:
LEADER 00901nam a2200229Ia 4500
008 240830s9999 xx 000 0 und d
040 |a BIBLIOTECA-RUPAP Mon 681.763 P293 
041 |a spa 
082 |a Mon 681.763 P293 
100 1 |a Pastora Altamirano, Rommel José 
245 1 0 |a Diseño mecánico de una máquina Tri - funcional (molido, picado, triturado) usando Autodesk Inventor 
260 |a Managua  |b UNI  |c 2009 
300 |a 279 p. :il. 
502 |a Tesis (Ingeniero Mecánico)- UNI, 2009. 
520 3 |a Presenta el diseño de una máquina de triple función, molido, picado, triturado haciendo uso de la herramienta de diseño AUTODESK INVENTOR. 
650 7 |a MAQUINARIA AGRICOLA 
650 7 |b MECANIZACIÓN AGRICOLA 
650 7 |c AUTODESK INVENTOR - PROGRAMA PARA COMPUTADORAS 
700 1 |a Tutor:  |b Urbina Espinoza, William Emigdio 
942 |c BK  |2 ddc 
991 |a TESIS 
999 |c 17804